<?xml version="1.0" encoding="UTF-8"?>
<record
    xmlns:xsi="http://www.w3.org/2001/XMLSchema-instance"
    xsi:schemaLocation="http://www.loc.gov/MARC21/slim http://www.loc.gov/standards/marcxml/schema/MARC21slim.xsd"
    xmlns="http://www.loc.gov/MARC21/slim">

  <leader>00549nas a2200193   4500</leader>
  <controlfield tag="001">000037096</controlfield>
  <controlfield tag="003">DLC</controlfield>
  <controlfield tag="005">20200930080134.0</controlfield>
  <controlfield tag="008">120213c20019999dr ar1p dd    0    0spa d</controlfield>
  <datafield tag="040" ind1=" " ind2=" ">
    <subfield code="a">DO-SdBNP</subfield>
    <subfield code="b">spa</subfield>
    <subfield code="c">BNPHU</subfield>
  </datafield>
  <datafield tag="043" ind1=" " ind2=" ">
    <subfield code="a">nwdr</subfield>
  </datafield>
  <datafield tag="245" ind1="0" ind2="0">
    <subfield code="a">&#xC1;gora.</subfield>
  </datafield>
  <datafield tag="246" ind1="1" ind2="3">
    <subfield code="a">&#xC1;gora :</subfield>
  </datafield>
  <datafield tag="260" ind1=" " ind2=" ">
    <subfield code="a">Santo Domingo :,</subfield>
    <subfield code="c">2001</subfield>
    <subfield code="b">Organo Cultural de la Universidad APEC.</subfield>
  </datafield>
  <datafield tag="300" ind1=" " ind2=" ">
    <subfield code="b">il., retrs. ;</subfield>
    <subfield code="c">31 cm.</subfield>
  </datafield>
  <datafield tag="310" ind1=" " ind2=" ">
    <subfield code="a">Anual</subfield>
  </datafield>
  <datafield tag="362" ind1="1" ind2=" ">
    <subfield code="a">Julio 2001 /Junio 2002, a&#xF1;o 1: no.2</subfield>
  </datafield>
  <datafield tag="500" ind1=" " ind2=" ">
    <subfield code="a">Catalogaci&#xF3;n basada enJulio 2001/ junio 2002 a&#xF1;o 1:no.2</subfield>
  </datafield>
  <datafield tag="952" ind1=" " ind2=" ">
    <subfield code="0">0</subfield>
    <subfield code="1">0</subfield>
    <subfield code="3">Pr&#xE9;stamo interno</subfield>
    <subfield code="5">2</subfield>
    <subfield code="7">0</subfield>
    <subfield code="8">SE</subfield>
    <subfield code="a">PD</subfield>
    <subfield code="b">PD</subfield>
    <subfield code="c">RE</subfield>
    <subfield code="d">2014-02-07</subfield>
    <subfield code="e">4</subfield>
    <subfield code="h">A&#xF1;o 1:No.2(2001 / 2003: jul. /jun.)</subfield>
    <subfield code="i">200107012001070120140207</subfield>
    <subfield code="l">0</subfield>
    <subfield code="o">2</subfield>
    <subfield code="p">37096-1-2</subfield>
    <subfield code="r">2020-08-08</subfield>
    <subfield code="w">2020-08-08</subfield>
    <subfield code="y">ISSUE</subfield>
    <subfield code="z">Perteneci&#xF3; a la biblioteca personal de Carlos Larraz&#xE1;bal Blanco</subfield>
  </datafield>
  <datafield tag="952" ind1=" " ind2=" ">
    <subfield code="0">0</subfield>
    <subfield code="1">0</subfield>
    <subfield code="3">Pr&#xE9;stamo interno</subfield>
    <subfield code="5">2</subfield>
    <subfield code="7">0</subfield>
    <subfield code="8">SE</subfield>
    <subfield code="a">PD</subfield>
    <subfield code="b">PD</subfield>
    <subfield code="c">RE</subfield>
    <subfield code="d">2014-02-07</subfield>
    <subfield code="e">4</subfield>
    <subfield code="h">A&#xF1;o 1:No.2: e.2(2001 / 2002: jul. /jun.)</subfield>
    <subfield code="i">200107012001070120140207</subfield>
    <subfield code="l">0</subfield>
    <subfield code="o">2</subfield>
    <subfield code="p">37096-1-2-2</subfield>
    <subfield code="r">2020-08-08</subfield>
    <subfield code="w">2020-08-08</subfield>
    <subfield code="y">ISSUE</subfield>
    <subfield code="z">Perteneci&#xF3; a la biblioteca personal de Carlos Larraz&#xE1;bal Blanco</subfield>
  </datafield>
  <datafield tag="952" ind1=" " ind2=" ">
    <subfield code="0">0</subfield>
    <subfield code="1">0</subfield>
    <subfield code="3">Pr&#xE9;stamo interno</subfield>
    <subfield code="5">2</subfield>
    <subfield code="7">0</subfield>
    <subfield code="8">SE</subfield>
    <subfield code="a">PD</subfield>
    <subfield code="b">PD</subfield>
    <subfield code="c">RE</subfield>
    <subfield code="d">2014-02-07</subfield>
    <subfield code="e">4</subfield>
    <subfield code="h">A&#xF1;o 2:No.3(2002 / 2003: Jul. / Jun.)</subfield>
    <subfield code="i">200107012001070120140207</subfield>
    <subfield code="l">0</subfield>
    <subfield code="o">3</subfield>
    <subfield code="p">37096-2-3</subfield>
    <subfield code="r">2020-08-08</subfield>
    <subfield code="w">2020-08-08</subfield>
    <subfield code="y">ISSUE</subfield>
    <subfield code="z">Perteneci&#xF3; a la biblioteca personal de Carlos Larraz&#xE1;bal Blanco</subfield>
  </datafield>
  <datafield tag="952" ind1=" " ind2=" ">
    <subfield code="0">0</subfield>
    <subfield code="1">0</subfield>
    <subfield code="3">Pr&#xE9;stamo interno</subfield>
    <subfield code="5">2</subfield>
    <subfield code="7">0</subfield>
    <subfield code="8">SE</subfield>
    <subfield code="a">PD</subfield>
    <subfield code="b">PD</subfield>
    <subfield code="c">RE</subfield>
    <subfield code="d">2014-02-07</subfield>
    <subfield code="e">4</subfield>
    <subfield code="h">A&#xF1;o 2:No.3: e. 2(2002 / 2003: Jul. / Jun.)</subfield>
    <subfield code="i">200107012001070120140207</subfield>
    <subfield code="l">0</subfield>
    <subfield code="o">3</subfield>
    <subfield code="p">37096-2-3-2</subfield>
    <subfield code="r">2020-08-08</subfield>
    <subfield code="w">2020-08-08</subfield>
    <subfield code="y">ISSUE</subfield>
    <subfield code="z">Perteneci&#xF3; a la biblioteca personal de Carlos Larraz&#xE1;bal Blanco</subfield>
  </datafield>
  <datafield tag="952" ind1=" " ind2=" ">
    <subfield code="0">0</subfield>
    <subfield code="1">0</subfield>
    <subfield code="3">Pr&#xE9;stamo interno</subfield>
    <subfield code="5">2</subfield>
    <subfield code="7">0</subfield>
    <subfield code="8">SE</subfield>
    <subfield code="a">PD</subfield>
    <subfield code="b">PD</subfield>
    <subfield code="c">RE</subfield>
    <subfield code="d">2014-02-07</subfield>
    <subfield code="e">4</subfield>
    <subfield code="h">A&#xF1;o 2:No.4(2006)</subfield>
    <subfield code="i">200601012006010620140207</subfield>
    <subfield code="l">0</subfield>
    <subfield code="o">4</subfield>
    <subfield code="p">37096-2-4</subfield>
    <subfield code="r">2020-08-08</subfield>
    <subfield code="w">2020-08-08</subfield>
    <subfield code="y">ISSUE</subfield>
    <subfield code="z">Perteneci&#xF3; a la biblioteca personal de Carlos Larraz&#xE1;bal Blanco</subfield>
  </datafield>
  <datafield tag="999" ind1=" " ind2=" ">
    <subfield code="c">36586</subfield>
    <subfield code="d">36586</subfield>
  </datafield>
</record>
